| 000 | 00458nam a22000977a 4500 | ||
|---|---|---|---|
| 008 | 160314b xxu||||| |||| 00| 0 eng d | ||
| 100 | _aErler, Martin | ||
| 245 |
_aKatalog der Stempelmarken von Deutschland VI. Saargebiet vol 6 1981 _b Catalog of the adhesive revenue stamps of Germany VI. Saargebiet |
||
| 260 |
_aIcking, Germany _bORA Verlag _c1981 |
||
| 650 | _aSaar (1920-1935) | Saar (1947-1959 | Germany | Revenues | Catalogs and Price Lists | Cinderella Material | ||
| 999 |
_c1829 _d1829 |
||